10 Most Populous Countries in Order Quiz Stats

 Plays Quiz Updated Apr 17, 2020

Support Sporcle.
Go Orange.
Score 0/10 Timer 02:00
660 Plays Today
% Correct
???
100%
???
96.4%
???
80.2%
???
59%
???
33%
???
30.6%
???
16.9%
???
9.4%
???
6.7%
???
6.7%

From the Vault

'I' American History

by william2

History 7m
This American history quiz is just so selfish.
Remove Ads.
Support Sporcle.
Get the best of Sporcle when you Go Orange. This ad-free experience offers more features, more stats, and more fun while also helping to support Sporcle. Thank you for becoming a member.

Show Comments

Extras

Top Quizzes Today


Score Distribution

Your Account Isn't Verified!

In order to create a playlist on Sporcle, you need to verify the email address you used during registration. Go to your Sporcle Settings to finish the process.

Report this User

Report this user for behavior that violates our Community Guidelines.

Details: